Το Γενικό Λογιστικό σχέδιο : Ανάλυση και ερμηνεία
Αποθηκεύτηκε σε:
| Κύριος συγγραφέας: | |
|---|---|
| Μορφή: | Βιβλίο |
| Γλώσσα: | Greek |
| Δημοσίευση: |
Αθήνα :
Πάμισος,
1992
|
| Θέματα: | |
| Ετικέτες: |
Προσθήκη ετικέτας
Δεν υπάρχουν, Καταχωρήστε ετικέτα πρώτοι!
|
MARC
| LEADER | 00000nam a2200000 i 4500 | ||
|---|---|---|---|
| 001 | 1/23646 | ||
| 008 | 950321s1992 gre d | ||
| 035 | |l 10022124 | ||
| 040 | |a GR-MY-UA |b gre |e aacr | ||
| 041 | 0 | |a gre | |
| 082 | 0 | |a 657.09495 | |
| 100 | 1 | |a Τότσης, Νικόλαος Χρ... | |
| 245 | 1 | 3 | |a Το Γενικό Λογιστικό σχέδιο : |b Ανάλυση και ερμηνεία / |c Νικόλαος Χ. Τότσης |
| 260 | |a Αθήνα : |b Πάμισος, |c 1992 | ||
| 500 | |a - Με το Ν.2190/1920 περί Ανωνύμων Εταιρειών. - Με την ισχύουσα φορολογική νομοθεσία. - Με τον κώδικα φορολογικών στοιχείων. - Με τα διεθνή λογιστικά πρότυπα. - Με γνωματεύσεις δοκίμων συγγραφέων. | ||
| 650 | 0 | 0 | |a Accounting |x Handbooks, manuals, etc. |
| 852 | |a INST |b CHIOS |e 19950321 |h 657.09495 ΤΟΤ |p 005200002835 |q 005200002835 |t BK |y 0 | ||
| 909 | |a Χ |b 032724 | ||